000 00882nam a2200289 a 4500
008 960514s1987||||[C 0 slo c
020 _c19 Kčs.
_q(3 000 výtl.)
040 _aSNK
_bslo
_cSNK
_eAACR2
041 1 _aslo
044 _axo
_cSK
080 _a784.1:784.4.087.61:786.2
080 _a784.4.087.61
080 _a786.2
080 _a784.4
080 _a786.2
245 1 0 _aMladým spevákom
_hHudobnina
_bSpev a klavír ; Helena Répassyová, Milo Šamko, Jozef Krutý
250 _a1., vyd.
260 _aBratislava
_bOpus
_c1987
_ePartizánske
_fZápadoslovenské tlačiarne
300 _a76 s.
_c30 cm
500 _aHudobnina. Úvod.
500 _aZost. Helena Répassyová a Milo Šamko. Ob. Jozef Krutý.
700 1 _aRépassyová, Helena
_4oth
700 1 _aŠamko, Milo
_4oth
700 1 _aKrutý, Jozef
_4oth
924 _aspev a klavír
958 _aH
999 _c15223
_d15223